Ngữ nghĩa học dẫn luận

Gồm 4 phần: Tổng quan những mở đầu về siêu ngôn ngữ; Nghĩa từ vựng; Nghĩa của câu; Nghĩa của phát ngôn.; NV Ngữ âm - Từ vựng ngữ nghĩa tiếng Việt; NV Ngôn ngữ học tri nhận; NV Từ vựng ngữ nghĩa tiếng Việt...

Full description

Saved in:
Bibliographic Details
Main Author: Lyons, John
Other Authors: Nguyễn, Văn Hiệp
Format: Book
Language:Undetermined
Published: H. Giáo dục 2009
Subjects:
Online Access:http://lrc.tdmu.edu.vn/opac/search/detail.asp?aID=2&ID=7482
Tags: Add Tag
No Tags, Be the first to tag this record!
Institutions: Trung tâm Học liệu Trường Đại học Thủ Dầu Một
LEADER 00971nam a2200217Ia 4500
001 TDMU_7482
008 210410s9999 xx 000 0 und d
082 |a 401 
090 |b L609 
100 |a Lyons, John 
245 0 |a Ngữ nghĩa học dẫn luận 
245 0 |c John Lyons; Nguyễn Văn Hiệp dịch 
260 |a H. 
260 |b Giáo dục 
260 |c 2009 
300 |a 379 tr. 
520 |a Gồm 4 phần: Tổng quan những mở đầu về siêu ngôn ngữ; Nghĩa từ vựng; Nghĩa của câu; Nghĩa của phát ngôn.; NV Ngữ âm - Từ vựng ngữ nghĩa tiếng Việt; NV Ngôn ngữ học tri nhận; NV Từ vựng ngữ nghĩa tiếng Việt 
650 |a Ngữ nghĩa học 
700 |a Nguyễn, Văn Hiệp 
856 |u http://lrc.tdmu.edu.vn/opac/search/detail.asp?aID=2&ID=7482 
980 |a Trung tâm Học liệu Trường Đại học Thủ Dầu Một